| 000 | 00530nam a2200193 a 4500 | ||
|---|---|---|---|
| 001 | BRCA_2532 | ||
| 005 | 20190320203844.0 | ||
| 008 | 251108s1906----enka---###---#000-0#eng-u | ||
| 050 | 4 |
_aNK4370 _b.B87 1906 |
|
| 100 | 1 |
_aBurton, William _97269 |
|
| 245 | 1 | 0 |
_aPorcelain its nature art and manufacture _cby William Burton. |
| 260 |
_aLondon _bB. T. Batsford _c1906 |
||
| 300 |
_a264 p. _bil. _c22 cm. |
||
| 500 | _aIncluye lista de ilustraciones. | ||
| 500 | _aA19 | ||
| 650 | 1 | 4 |
_aPorcelana _91509 |
| 902 | _aGFM | ||
| 942 |
_2lcc _cB |
||
| 999 |
_c2273 _d2273 |
||